• 首页
  • 本馆介绍
  • 公告通知
  • 最新文献
  • 馆藏检索
  • 电子资源
  • 读者导购
  • 参考咨询
  • 我的图书馆
  • 登录
  • 详细信息显示
  • 放入我的书架
  • 预约/预借图书
  • 作者相关作品
  • 分类相关作品
  • 丛书相关作品
  • 出版社相关作品

书目信息

  • 表格格式
  • 工作单格式
  • 卡片格式
题名:
职业女性健身策略
    
 
作者: 沈国琴 著
分册:  
出版信息: 北京   中国水利水电出版社  2010
页数: 113页
开本: 24cm
丛书名:
单 册:
中图分类: G831.3
科图分类:
主题词: 女性--健身运动--基本知识 , 女性 , 健身运动
电子资源:
ISBN: 978-7-5084-7572-1
000 00884nam0 2200253 45
001 1130684468
005 20110310094032.42
010    @a978-7-5084-7572-1@dCNY19.00
100    @a20110122d2010 em y0chiy50 ea
101 0  @achi
102    @aCN@b110000
105    @aa z 000yy
106    @ar
200 1  @a职业女性健身策略@AZhi Ye Nu^ Xing Jian Shen Ce Lue@f沈国琴著@FShen Guo Qin Zhu
210    @a北京@c中国水利水电出版社@d2010
215    @a113页@c图@d24cm
330    @a本书以全面提高职业女性身体素质与打造健康健美的体形为目的,总结了多年健美操、形体舞蹈课程的教学经验,结合健康评价理论体系的研究,科学地选编了适合职业女性进行自我完善的4套健身组合练习套路。
606 0  @a女性@x健身运动@x基本知识
606 0  @a女性
606 0  @a健身运动
690    @aG831.3@v4
701  0 @a沈国琴@AShen Guo Qin@4著
801  0 @aCN@bTANGWEI@c20110310
905    @b0531245-48@dG831.3@e101@f4
    
    职业女性健身策略/沈国琴著.-北京:中国水利水电出版社,2010
    113页:图;24cm
    
    
    ISBN 978-7-5084-7572-1:CNY19.00
    本书以全面提高职业女性身体素质与打造健康健美的体形为目的,总结了多年健美操、形体舞蹈课程的教学经验,结合健康评价理论体系的研究,科学地选编了适合职业女性进行自我完善的4套健身组合练习套路。
●
相关链接 在E读中查询图书 在五车中查询图书 在当当中查询图书 在豆瓣中查询图书


正题名:职业女性健身策略     索取号:G831.3/101         预约/预借

序号 登录号 条形码 馆藏地/架位号 状态 备注
1 0531245   205312455   第一样本阅览室/ [索取号:G831.3/101] 在馆    
2 0531246   205312464   密集书库-体育系/ [索取号:G831.3/101] 在馆    
3 0531247   205312473   第四借阅区/ [索取号:G831.3/101] 在馆    
4 0531248   205312482   第四借阅区/ [索取号:G831.3/101] 在馆    
唐山师范学院图书馆 欢迎您!
大连网信软件有限公司© 版权所有